[Event "1. liga - V 17/18, Opava-Brno"]
[Site ""]
[Date "2017.10.22"]
[Round "1.1"]
[White "Caletka, Radomir"]
[Black "Hosek, Martin"]
[Result "1/2-1/2"]
[WhiteElo "2337"]
[BlackElo "2098"]
[PlyCount "0"]
[EventDate "2017.10.22"]

1. e4 Nf6 2. e5 Nd5 3. d4 d6 4. Nf3 g6 5. Bc4 Nb6 6. Bb3 Bg7 7. O-O O-O 8. Nbd2
Nc6 9. exd6 cxd6 10. c3 Bf5 11. Qe2 Na5 12. Ne4 Bxe4 13. Qxe4 d5 14. Qh4 Nxb3
15. axb3 Nd7 16. Re1 e6 17. Bg5 Bf6 18. Re3 Re8 19. Rae1 a5 20. Bxf6 Qxf6 21.
Ng5 Qg7 22. Rf3 Rf8 23. Rh3 Nf6 24. Nf3 a4 25. bxa4 Rxa4 26. Ne5 Rfa8 27. Rhe3
Ra1 28. f3 R8a2 29. Nd3 Ne8 30. Qe7 Qf8 31. Qxb7 Nd6 32. Qb3 Nc4 33. R3e2 Qa8
34. Nc1 Ra7 35. Qc2 Qc6 36. Nd3 Qb5 37. Nb4 Nd6 38. b3 R7a3 39. Kf2 Qa5 40.
Rxa1 Rxa1 41. Re1 Nb5 42. Rxa1 Qxa1 43. Na2 Na3 44. Qd2 Nb1 45. Qc2 Na3 46. Qd2
Nb1 1/2-1/2

[Event "1. liga - V 17/18, Opava-Brno"]
[Site ""]
[Date "2017.10.22"]
[Round "1.2"]
[White "Slepov, Kyryl"]
[Black "Rakus, Pavel"]
[Result "1/2-1/2"]
[WhiteElo "2107"]
[BlackElo "2241"]
[PlyCount "0"]
[EventDate "2017.10.22"]

1. Nf3 d5 2. c4 c6 3. Qc2 Nf6 4. g3 g6 5. Bg2 Bg7 6. O-O O-O 7. d4 dxc4 8. Qxc4
Qb6 9. Nbd2 Na6 10. a3 Be6 11. Qc2 c5 12. Ng5 cxd4 13. Nxe6 Qxe6 14. Nb3 Nd7
15. Bxb7 Rab8 16. Qc6 Rxb7 17. Qxb7 Rb8 18. Nxd4 Bxd4 19. Qf3 Nac5 20. Rd1 Bxb2
21. Rb1 Be5 22. Rxb8+ Bxb8 23. Be3 Qb3 24. Rd2 Bd6 25. Qa8+ Kg7 26. Qxa7 Qb1+
27. Kg2 Qe4+ 28. Kg1 Qb1+ 1/2-1/2

[Event "1. liga - V 17/18, Opava-Brno"]
[Site ""]
[Date "2017.10.22"]
[Round "1.3"]
[White "Nabelek, Marek"]
[Black "Kratochvil, Karel"]
[Result "1/2-1/2"]
[WhiteElo "2244"]
[BlackElo "2193"]
[PlyCount "0"]
[EventDate "2017.10.22"]

1. e4 e5 2. Nf3 Nf6 3. Nc3 Nc6 4. Bb5 Bb4 5. O-O O-O 6. d3 d6 7. Bg5 Bxc3 8.
bxc3 Qe7 9. Nd2 h6 10. Bh4 g5 11. Bg3 Bg4 12. f3 Bh5 13. Bxc6 bxc6 14. Nc4 Qe6
15. Qd2 Nd7 16. Ne3 Bg6 17. c4 f6 18. Qa5 Nb6 19. c5 dxc5 20. Qxc5 Qd6 21. Qa5
c5 22. Bf2 Qc6 23. c4 f5 24. Nd5 Nxd5 25. cxd5 Qd7 26. Qxc5 g4 27. exf5 Bxf5
28. fxg4 Bxd3 29. Rfe1 e4 30. h3 Rf7 31. Rac1 a6 32. Bg3 Rc8 33. Qe3 Qxd5 34.
Qxh6 a5 35. Qg6+ Rg7 36. Qf6 Rf7 37. Qg6+ Rg7 38. Qf6 Rf7 1/2-1/2

[Event "1. liga - V 17/18, Opava-Brno"]
[Site ""]
[Date "2017.10.22"]
[Round "1.4"]
[White "Snorek, Milan"]
[Black "Zalesky, Karel"]
[Result "0-1"]
[WhiteElo "2009"]
[BlackElo "2018"]
[PlyCount "0"]
[EventDate "2017.10.22"]

1. d4 Nf6 2. c4 e6 3. g3 d5 4. Bg2 Bb4+ 5. Nd2 Ne4 6. Ngf3 c5 7. O-O Nc6 8.
cxd5 exd5 9. dxc5 f5 10. a3 Bxc5 11. b4 Qf6 12. Nxe4 dxe4 13. Bg5 Qg6 14. Nh4
Bxf2+ 15. Rxf2 Qxg5 16. Qb3 Qf6 17. Qb1 Qd4 18. g4 g6 19. Bf1 Be6 20. Ng2 O-O-O
21. e3 Qe5 22. gxf5 gxf5 23. Nf4 Rhg8+ 24. Kh1 Bf7 25. Qe1 Kb8 26. Rc1 Qe7 27.
Rc5 Ne5 28. Bg2 b6 29. Rc3 Rd6 30. Qe2 Rgd8 31. h3 Qh4 32. Kg1 Rd2 33. Qxd2
Rxd2 34. Rxd2 Qe1+ 0-1

[Event "1. liga - V 17/18, Opava-Brno"]
[Site ""]
[Date "2017.10.22"]
[Round "1.5"]
[White "Muzik, Martin"]
[Black "Vachek, Jiri"]
[Result "1-0"]
[WhiteElo "2158"]
[BlackElo "1848"]
[PlyCount "0"]
[EventDate "2017.10.22"]

1. e4 e6 2. d4 d5 3. e5 c5 4. c3 Nc6 5. Nf3 a6 6. Bd3 f5 7. a3 c4 8. Bc2 Bd7 9.
h4 h6 10. h5 Qc7 11. Nh4 Nge7 12. g4 Rg8 13. gxf5 Nxf5 14. Nxf5 exf5 15. Qf3
Ne7 16. Nd2 Be6 17. Nf1 Qd7 18. Ng3 O-O-O 19. Bd2 Kb8 20. O-O-O Ka7 21. Rdg1
Qc8 22. Rh4 g5 23. hxg6 Rxg6 24. Rgh1 Bg7 25. Bxh6 Bxe5 26. dxe5 d4 27. Rxd4
Rxd4 28. cxd4 Bd5 29. Qh5 Bxh1 30. Qxh1 Qg8 31. Bd2 Rxg3 32. fxg3 Qxg3 33. Bc3
Qe3+ 34. Kb1 Nc6 35. Bxf5 Nxd4 36. Bxd4+ Qxd4 1-0

[Event "1. liga - V 17/18, Opava-Brno"]
[Site ""]
[Date "2017.10.22"]
[Round "1.6"]
[White "Di Liberti, Ivan"]
[Black "Premus, Jan"]
[Result "0-1"]
[WhiteElo "1798"]
[BlackElo "2085"]
[PlyCount "0"]
[EventDate "2017.10.22"]

1. c4 Nf6 2. g3 e6 3. Bg2 d5 4. cxd5 exd5 5. d4 Bd6 6. Nc3 c6 7. Nf3 Bf5 8. O-O
O-O 9. Nh4 Bg6 10. Nxg6 hxg6 11. e4 dxe4 12. Nxe4 Nxe4 13. Bxe4 Nd7 14. Qb3 Qb6
15. Qc4 Qb4 16. Qxb4 Bxb4 17. Bg5 Rfe8 18. Bf3 Nb6 19. a3 Be7 20. Bxe7 Rxe7 21.
Rfe1 Rd7 22. b3 Rxd4 23. Re7 Rd7 24. Rxd7 Nxd7 25. Rd1 Nf8 26. b4 Rc8 27. b5
cxb5 28. Bxb7 Rb8 29. Bc6 a5 30. f4 b4 31. axb4 axb4 32. Rb1 Ne6 33. Bd5 Kf8
34. Kf1 Ke7 35. Ke1 f6 36. Bxe6 Kxe6 37. Ke2 b3 38. Rb2 Kf5 39. Kf3 g5 40. g4+
Kg6 41. f5+ Kf7 42. Ke3 Rb4 43. h3 Ke7 44. Kd3 Kd6 45. Kc3 Kc5 46. Rb1 b2 47.
Kd3 Rb3+ 48. Kc2 Kc4 49. Rxb2 Rxb2+ 50. Kxb2 Kd3 0-1

[Event "1. liga - V 17/18, Opava-Brno"]
[Site ""]
[Date "2017.10.22"]
[Round "1.7"]
[White "Rambousek, Jan"]
[Black "Koci, Milos"]
[Result "1-0"]
[WhiteElo "1999"]
[BlackElo "1300"]
[PlyCount "0"]
[EventDate "2017.10.22"]

1. e4 c5 2. Nf3 e6 3. d4 cxd4 4. Nxd4 a6 5. Nc3 d6 6. Bc4 Qc7 7. Bb3 Be7 8. O-O
Nf6 9. Be3 O-O 10. f3 Nbd7 11. Qd2 Re8 12. a3 b6 13. Qf2 Bb7 14. Rad1 Nf8 15.
g4 h6 16. h4 N6h7 17. Qg3 Kh8 18. g5 h5 19. f4 Bc8 20. f5 g6 21. f6 Bd8 22.
Nde2 e5 23. Nd5 Qb7 24. Qf2 Nd7 25. Nec3 Nc5 26. Ba2 a5 27. b4 axb4 28. axb4
Nd7 29. Bb3 Qc6 30. Qd2 Ba6 31. b5 Bxb5 32. Nb4 Qb7 33. Nxb5 Qxe4 34. Rf2 Nc5
35. Bd5 Qg4+ 36. Rg2 Qxg2+ 1-0

[Event "1. liga - V 17/18, Kromeriz-Trinec"]
[Site ""]
[Date "2017.10.22"]
[Round "1.1"]
[White "Malinovsky, Karel"]
[Black "Stohl, Igor"]
[Result "1/2-1/2"]
[WhiteElo "2483"]
[BlackElo "2505"]
[PlyCount "0"]
[EventDate "2017.10.22"]

1. e4 e5 2. Nf3 Nc6 3. Bb5 a6 4. Ba4 Nf6 5. O-O b5 6. Bb3 Bc5 7. Nc3 O-O 8. d3
h6 9. Nd5 d6 10. c3 Rb8 11. d4 Ba7 12. Be3 Ng4 13. dxe5 Bxe3 14. Nxe3 Ncxe5 15.
Nxe5 Nxe5 16. Qd2 Ng4 17. Nxg4 Bxg4 18. f4 Bd7 19. Rae1 Be6 20. Bc2 f6 21. b3
Kh8 22. h3 Qe7 23. Bd1 Rbe8 24. Bf3 Bg8 25. Kh2 Qd8 26. Rf2 Re7 27. Rfe2 Rfe8
28. Qd4 Bf7 29. e5 dxe5 30. fxe5 Qxd4 31. cxd4 fxe5 32. Bc6 Rd8 33. Rxe5 Rxe5
34. dxe5 Be6 35. Rc1 Rd2 36. Bf3 Rxa2 37. Rc6 Bxb3 38. e6 Ra1 39. e7 Re1 40.
Rxc7 Bf7 41. Bb7 Kh7 42. Bxa6 Kg6 43. Bxb5 Kf6 44. e8=Q Bxe8 45. Bxe8 1/2-1/2

[Event "1. liga - V 17/18, Kromeriz-Trinec"]
[Site ""]
[Date "2017.10.22"]
[Round "1.2"]
[White "Szotkowski, Jakub"]
[Black "Lanc, Alois"]
[Result "1-0"]
[WhiteElo "2366"]
[BlackElo "2307"]
[PlyCount "0"]
[EventDate "2017.10.22"]

1. d4 Nf6 2. c4 g6 3. g3 Bg7 4. Bg2 d6 5. Nc3 O-O 6. Nf3 Nc6 7. O-O e5 8. d5
Nb8 9. e4 a5 10. c5 Na6 11. cxd6 cxd6 12. Nd2 Bd7 13. a4 Rc8 14. Re1 Ne8 15.
Bf1 f5 16. Nc4 fxe4 17. Nxe4 Bf5 18. Bg5 Qc7 19. Nc3 Nb4 20. Rc1 Bd3 21. Nb5
Qf7 22. Qd2 Bxc4 23. Rxc4 Rxc4 24. Bxc4 Qd7 25. Be3 Nf6 26. Bb6 Na6 27. Qxa5
Bh6 28. Na3 e4 29. Bxa6 bxa6 30. Qxa6 Qf5 31. Qe2 e3 32. Bxe3 Re8 33. Nc4 Qxd5
34. Rd1 Qe6 35. Rxd6 Qf7 36. Qd3 1-0

[Event "1. liga - V 17/18, Kromeriz-Trinec"]
[Site ""]
[Date "2017.10.22"]
[Round "1.3"]
[White "Pastircak, Milan"]
[Black "Nedela, Vlastimil"]
[Result "0-1"]
[WhiteElo "2329"]
[BlackElo "2322"]
[PlyCount "0"]
[EventDate "2017.10.22"]

1. e4 Nf6 2. e5 Nd5 3. d4 d6 4. Qh5 g6 5. Qh4 Nc6 6. Nf3 Bf5 7. Na3 e6 8. Bg5
Be7 9. Bxe7 Qxe7 10. Bb5 Ndb4 11. c3 Qxh4 12. Nxh4 a6 13. Bxc6+ Nxc6 14. Nxf5
gxf5 15. exd6 cxd6 16. d5 Ne5 17. O-O-O Ke7 18. Rhe1 Rhg8 19. g3 Nf3 20. Re3
Nxh2 21. dxe6 fxe6 22. Rh1 Ng4 23. Rxh7+ Kf6 24. Re2 b5 25. Nc2 Rh8 26. Rd7
Rh1+ 27. Ne1 Nxf2 28. Rxd6 Ne4 29. Rc6 Re8 30. Re3 Nxg3 31. Rxg3 Rxe1+ 32. Kd2
Re5 33. Rc7 Rd8+ 34. Rd3 Rxd3+ 35. Kxd3 f4 36. Rh7 Kg5 37. Rf7 Kg4 0-1

[Event "1. liga - V 17/18, Kromeriz-Trinec"]
[Site ""]
[Date "2017.10.22"]
[Round "1.4"]
[White "Walek, Milan"]
[Black "Karlik, Vladimir"]
[Result "1/2-1/2"]
[WhiteElo "2291"]
[BlackElo "2224"]
[PlyCount "0"]
[EventDate "2017.10.22"]

1. e4 g6 2. d4 Bg7 3. Nc3 c6 4. Nf3 d6 5. h3 Nf6 6. Bg5 O-O 7. Qd2 b5 8. a3 Qc7
9. Bh6 Nbd7 10. Bd3 e5 11. O-O Re8 12. Bxg7 Kxg7 13. Rfe1 a6 14. dxe5 dxe5 15.
Ne2 c5 16. c3 c4 17. Bc2 Nc5 18. Ng3 h6 19. Qe3 Be6 20. Rad1 Rad8 21. Nf1 Nh5
22. Rxd8 Rxd8 23. Rd1 Rxd1 24. Bxd1 Nf4 25. Bc2 Qd6 26. Ng3 f6 27. h4 h5 28.
Ne2 Nxe2+ 29. Qxe2 Bg4 30. Qe3 Bxf3 31. Qxf3 Qd2 32. Qe3 Qxe3 1/2-1/2

[Event "1. liga - V 17/18, Kromeriz-Trinec"]
[Site ""]
[Date "2017.10.22"]
[Round "1.5"]
[White "Mudrak, Josef"]
[Black "Fargac, Martin"]
[Result "1-0"]
[WhiteElo "2256"]
[BlackElo "2238"]
[PlyCount "0"]
[EventDate "2017.10.22"]

1. d4 Nf6 2. Nf3 d5 3. c4 c6 4. Nc3 e6 5. Bf4 dxc4 6. e4 b5 7. Qc2 Bb7 8. Be2
Nbd7 9. O-O Be7 10. b3 cxb3 11. axb3 O-O 12. e5 Ne8 13. Ne4 Nc7 14. Bg5 Nd5 15.
Nd6 Bxg5 16. Nxb7 Qe7 17. Qxc6 Bh6 18. Nd6 b4 19. Nf5 exf5 20. Qxd5 Nb6 21. Qb5
Rfd8 22. Qd3 g6 23. Ra5 Nd5 24. Rfa1 Rd7 25. Qc2 Bg7 26. h4 Rad8 27. Rc5 Nc3
28. Rc6 Rc7 29. Rxc7 Qxc7 30. Bc4 Ne4 31. Qa2 Ra8 32. Qa6 Kf8 33. Ra4 Qe7 34.
Qa5 Kg8 35. Rxb4 Bf8 36. Rb5 a6 37. Rb6 Qd8 38. Qd5 Qxd5 39. Bxd5 Ra7 40. Rb7
Rxb7 41. Bxb7 a5 42. Bxe4 fxe4 43. Nd2 Be7 44. g3 f5 45. exf6 Bxf6 46. d5 Kg7
47. Nxe4 Bd8 48. Kf1 1-0

[Event "1. liga - V 17/18, Kromeriz-Trinec"]
[Site ""]
[Date "2017.10.22"]
[Round "1.6"]
[White "Sikora, Jan"]
[Black "Cagasik, Tomas"]
[Result "1/2-1/2"]
[WhiteElo "2226"]
[BlackElo "2211"]
[PlyCount "0"]
[EventDate "2017.10.22"]

1. e4 d5 2. exd5 Qxd5 3. Nc3 Qd6 4. d4 Nf6 5. Bc4 c6 6. Nge2 Bf5 7. Bf4 Qb4 8.
Bd3 Bxd3 9. Qxd3 e6 10. O-O Qa5 11. Ne4 Nxe4 12. Qxe4 Nd7 13. c4 Be7 14. a3 Nf6
15. Qf3 O-O 16. Rfd1 Qf5 17. Ng3 Qa5 18. b4 Qd8 19. Ne4 a5 20. Nxf6+ Bxf6 21.
Rab1 axb4 22. axb4 Qd7 23. b5 Ra4 24. d5 exd5 25. bxc6 bxc6 26. cxd5 cxd5 27.
Rxd5 Qe6 28. Rbd1 Re8 29. h3 Qe4 30. Qxe4 Raxe4 31. Be3 h6 32. Kf1 Kh7 33. Rd7
Kg6 34. Rb7 R4e7 35. Rdd7 Rxd7 36. Rxd7 Be5 37. Ke2 f5 38. Kf3 Kf6 39. Bf4 Ke6
40. Rd2 Bxf4 41. Kxf4 Ra8 42. h4 Ra4+ 43. Kg3 Rg4+ 44. Kh3 Ke5 45. Ra2 Kf6 46.
Ra6+ Kf7 47. Ra5 Kg6 48. Ra6+ Kh7 49. Ra5 Rf4 50. Kg3 g5 51. hxg5 hxg5 52. Ra6
Kg7 53. f3 Rd4 54. Rb6 Rd2 55. Ra6 Rd4 56. Rb6 Rh4 57. Ra6 f4+ 58. Kf2 Rh1 59.
Rb6 Rd1 60. Ra6 Kf7 1/2-1/2

[Event "1. liga - V 17/18, Kromeriz-Trinec"]
[Site ""]
[Date "2017.10.22"]
[Round "1.7"]
[White "Dvorak, Martin"]
[Black "Frolik, Martin"]
[Result "1/2-1/2"]
[WhiteElo "2153"]
[BlackElo "2192"]
[PlyCount "0"]
[EventDate "2017.10.22"]

1. e4 c5 2. Nf3 e6 3. c4 Nc6 4. Nc3 e5 5. g3 d6 6. h3 Be7 7. Bg2 Nf6 8. O-O O-O
9. d3 Ne8 10. Nh2 Rb8 11. f4 Nd4 12. Nf3 Nc7 13. Nxd4 1/2-1/2

[Event "1. liga - V 17/18, Kromeriz-Trinec"]
[Site ""]
[Date "2017.10.22"]
[Round "1.8"]
[White "Sikorova, Olga"]
[Black "Kapusta, Petr"]
[Result "1-0"]
[WhiteElo "2182"]
[BlackElo "2115"]
[PlyCount "0"]
[EventDate "2017.10.22"]

1. c4 Nf6 2. g3 g6 3. Bg2 Bg7 4. Nc3 d6 5. e4 e5 6. Nge2 O-O 7. O-O Nc6 8. d3
Nd4 9. Nxd4 exd4 10. Ne2 c5 11. b4 Bg4 12. bxc5 dxc5 13. h3 Be6 14. f4 Bxc4 15.
e5 Ne8 16. dxc4 d3 17. Be3 dxe2 18. Qxe2 Qe7 19. Rad1 Rc8 20. Rd5 b6 21. Rfd1
Rc7 22. Bf2 Nf6 23. Rd6 Re8 24. Qd3 Nh5 25. Bf3 f6 26. Bxh5 gxh5 27. e6 Bf8 28.
Qf5 Qg7 29. Rd7 Rxd7 30. exd7 Rd8 31. Qe6+ Qf7 32. f5 Be7 33. Be3 Rf8 34. Bf4
Kg7 35. Rd5 Bd8 36. Qe3 Rg8 37. Qe6 Rf8 38. Kf2 h4 39. g4 h5 40. Qxf7+ Kxf7 41.
gxh5 Kg7 42. Kf3 Rf7 43. h6+ Kh7 44. Rd6 Re7 45. Rxf6 Rxd7 46. Rg6 Rd3+ 47. Ke4
Rd4+ 48. Ke3 Rd7 49. Be5 a6 50. a4 Rd1 51. Bf4 Re1+ 52. Kf3 Rf1+ 53. Ke4 Re1+
54. Kd5 Rf1 55. Ke4 Re1+ 56. Be3 Rd1 57. Rg7+ Kh8 58. Rf7 b5 59. axb5 axb5 60.
Bxc5 Re1+ 61. Kd5 Re8 62. Bd4+ Kg8 63. Rg7+ 1-0

[Event "1. liga - V 17/18, Hostalkova-Grygov"]
[Site ""]
[Date "2017.10.22"]
[Round "1.1"]
[White "Ponizil, Cyril"]
[Black "Biolek, Richard"]
[Result "1/2-1/2"]
[WhiteElo "2476"]
[BlackElo "2449"]
[PlyCount "0"]
[EventDate "2017.10.22"]

1. e4 e5 2. Nf3 Nc6 3. Bc4 Nf6 4. d3 Bc5 5. O-O O-O 6. Re1 h6 7. c3 d6 8. a4 a5
9. Na3 Bg4 10. h3 Bh5 11. Nc2 Qd7 12. Be3 Bxe3 13. Nxe3 Ne7 14. g4 Bg6 15. Nh4
Kh7 16. Nhg2 c6 17. Bb3 d5 18. f3 Rad8 19. Qe2 d4 20. cxd4 Qxd4 21. Red1 Nd7
22. Qf2 Nc5 23. Bc2 f6 24. Nc4 Bf7 25. Qxd4 Rxd4 26. Nxa5 Ra8 27. Nc4 Bxc4 28.
dxc4 Rxc4 29. Ne3 Rb4 30. b3 Ng6 31. Nf1 Nf4 32. h4 g6 33. Ne3 Ne2+ 34. Kf2 Nd4
35. Rab1 Kg7 36. h5 g5 37. Nf5+ Kf8 38. Rd2 Nxf5 39. gxf5 Ke7 40. Rbd1 b6 41.
Ke3 1/2-1/2

[Event "1. liga - V 17/18, Hostalkova-Grygov"]
[Site ""]
[Date "2017.10.22"]
[Round "1.2"]
[White "Obsivac, Josef"]
[Black "Roubalik, Jakub"]
[Result "1/2-1/2"]
[WhiteElo "2381"]
[BlackElo "2394"]
[PlyCount "0"]
[EventDate "2017.10.22"]

1. d4 Nf6 2. c4 e6 3. Nf3 Bb4+ 4. Nbd2 d5 5. Qa4+ Nc6 6. a3 Bxd2+ 7. Bxd2 Ne4
8. e3 O-O 9. Rd1 Bd7 10. Qc2 Be8 11. Be2 f5 12. O-O Bh5 13. b4 Rf6 14. b5 Ne7
15. Bb4 dxc4 16. Bxe7 Qxe7 17. Qxc4 Qxa3 18. Ra1 Qd6 19. Rfc1 Rf7 20. Qc2 Re7
21. Bc4 Kh8 22. Ne5 Nf6 23. Bf1 Be8 24. Ra4 Nd5 25. Rca1 b6 26. Rxa7 Rxa7 27.
Rxa7 g6 28. Qb2 Kg7 29. Nc4 Qd7 30. Ne5 Qd6 31. h3 Nf6 32. Nc4 Qd8 33. Qa3 Nd5
34. Ne5 Qd6 35. Qb2 Nf6 36. Nc4 Qd8 37. Be2 Nd5 38. Ne5 Qd6 39. Nc4 Qd7 40. Ne5
Qd6 41. Nc4 Qd7 42. Bf3 Qxb5 43. Qxb5 Bxb5 44. Bxd5 exd5 45. Nxb6 Bc6 46. Na4
Bxa4 47. Rxa4 c6 48. Ra6 Rc7 49. g4 Kf6 50. Kg2 g5 51. Kg3 h6 52. Ra8 fxg4 53.
hxg4 c5 54. Ra6+ Kg7 55. dxc5 Rxc5 56. Rd6 Rb5 57. Kf3 Ra5 58. Ke2 Ra2+ 59. Ke1
Ra1+ 60. Ke2 Ra2+ 61. Kf1 Ra4 62. f3 Ra1+ 63. Ke2 Ra2+ 64. Ke1 Ra1+ 65. Kf2
Ra2+ 66. Kf1 Ra1+ 67. Ke2 Ra2+ 68. Kd3 Rf2 69. Rxd5 Rxf3 70. Ke2 Rf6 71. Rd1
1/2-1/2

[Event "1. liga - V 17/18, Hostalkova-Grygov"]
[Site ""]
[Date "2017.10.22"]
[Round "1.3"]
[White "Motuz, Karol"]
[Black "Richterova, Natasa"]
[Result "1-0"]
[WhiteElo "2423"]
[BlackElo "2145"]
[PlyCount "0"]
[EventDate "2017.10.22"]

1. d4 d5 2. Bf4 Nf6 3. e3 e6 4. Bd3 c5 5. c3 Nc6 6. Nd2 cxd4 7. exd4 Be7 8. Qe2
a6 9. h3 O-O 10. Ngf3 Qb6 11. Rb1 Bd7 12. Ne5 Rfd8 13. O-O Be8 14. Rfe1 Rac8
15. Ndf3 Bd6 16. Bg5 Be7 17. Nh2 Qc7 18. f4 Na5 19. f5 exf5 20. Bxf5 Rb8 21. b4
Qxc3 22. bxa5 Qxd4+ 23. Kh1 Ne4 24. Bxe4 Bxg5 25. Bd3 Bf4 26. Qh5 g6 27. Nhf3
Qc3 28. Qh4 Bxe5 29. Nxe5 f6 30. Qxf6 Qd4 31. Rf1 Qc5 32. Ng4 h5 33. Nh6+ Kh7
34. Nf7 1-0

[Event "1. liga - V 17/18, Hostalkova-Grygov"]
[Site ""]
[Date "2017.10.22"]
[Round "1.4"]
[White "Fuksik, Jakub"]
[Black "Pala, Vladimir"]
[Result "1/2-1/2"]
[WhiteElo "2194"]
[BlackElo "2243"]
[PlyCount "0"]
[EventDate "2017.10.22"]

1. e4 e6 2. d4 d5 3. e5 c5 4. c3 Nc6 5. Nf3 Qb6 6. a3 a5 7. Bd3 Bd7 8. Bc2 Nge7
9. O-O cxd4 10. cxd4 Nf5 11. Bxf5 exf5 12. Nc3 Be6 13. Qd3 Be7 14. Nb5 O-O 15.
Re1 Na7 16. Nc3 Rac8 17. Bd2 Qb3 18. Rec1 Rc6 19. Qc2 Qxc2 1/2-1/2

[Event "1. liga - V 17/18, Hostalkova-Grygov"]
[Site ""]
[Date "2017.10.22"]
[Round "1.5"]
[White "Karlik, Ondrej"]
[Black "Zvolanek, Libor"]
[Result "0-1"]
[WhiteElo "2193"]
[BlackElo "2132"]
[PlyCount "0"]
[EventDate "2017.10.22"]

1. e4 d6 2. d4 Nf6 3. Nc3 g6 4. f3 c6 5. Be3 b5 6. Qd2 b4 7. Nce2 a5 8. h4 Qc7
9. Nh3 Nbd7 10. g4 Nb6 11. Ng3 e5 12. Nf2 h5 13. gxh5 Nxh5 14. Nxh5 Rxh5 15.
Ng4 Be7 16. O-O-O Be6 17. Kb1 b3 18. cxb3 a4 19. d5 cxd5 20. Rc1 Qb8 21. Bb5+
Kf8 22. Bxb6 Qxb6 23. Bc6 Rb8 24. Bxd5 Bxd5 25. Qxd5 axb3 26. a3 Kg7 27. Qd3
Rxh4 28. Rhg1 Rc8 29. Rgd1 Rxc1+ 30. Rxc1 Bg5 31. Rd1 Rh8 32. Qc3 f5 33. exf5
gxf5 34. Nxe5 dxe5 35. Qxe5+ Qf6 36. Qb5 Qe6 37. a4 Be7 38. a5 Kf7 39. Rg1 Rd8
40. Rh1 Qd5 41. Qe2 Qd3+ 42. Qxd3 Rxd3 43. a6 Bc5 44. Kc1 0-1

[Event "1. liga - V 17/18, Hostalkova-Grygov"]
[Site ""]
[Date "2017.10.22"]
[Round "1.6"]
[White "Hrabal, Michal"]
[Black "Krejca, Jakub"]
[Result "0-1"]
[WhiteElo "2104"]
[BlackElo "2088"]
[PlyCount "0"]
[EventDate "2017.10.22"]

1. e4 e6 2. d3 d5 3. Nd2 Nf6 4. Ngf3 Be7 5. g3 c5 6. Bg2 Nc6 7. O-O O-O 8. e5
Nd7 9. Re1 b5 10. h4 a5 11. Nf1 Qc7 12. Bf4 a4 13. a3 b4 14. N1h2 bxa3 15. bxa3
Ba6 16. Ng4 Rfb8 17. Ng5 Bxg5 18. hxg5 Rb2 19. Bxd5 exd5 20. e6 Qc8 21. exd7
Qxd7 22. Ne5 Nxe5 23. Rxe5 Re8 24. Qg4 Qd8 25. Rae1 Rxe5 26. Bxe5 Rb7 27. Bf6
Qf8 28. Be5 Bb5 29. Qf4 Qc8 30. d4 c4 31. Kg2 Bd7 32. Bd6 Be6 33. Bb4 Rd7 34.
g4 Rd8 35. f3 Re8 36. Rh1 Bd7 37. Kf2 Re6 38. Qh2 h6 39. Bd2 Qe8 40. Kf1 c3 41.
Bxc3 Bb5+ 42. Kg1 Re2 43. Qf4 Rxc2 44. Rxh6 Rxc3 45. g6 Qe1+ 46. Kh2 Rc2+ 47.
Kh3 Bf1# 0-1

[Event "1. liga - V 17/18, Hostalkova-Grygov"]
[Site ""]
[Date "2017.10.22"]
[Round "1.7"]
[White "Bednarik, Josef"]
[Black "Svancara, Petr"]
[Result "1-0"]
[WhiteElo "2108"]
[BlackElo "2096"]
[PlyCount "0"]
[EventDate "2017.10.22"]

1. e4 d6 2. d4 g6 3. Be3 Bg7 4. Nc3 Nf6 5. f3 a6 6. Qd2 b5 7. g4 Bb7 8. Nge2
Nbd7 9. Ng3 c5 10. g5 Nh5 11. Nxh5 gxh5 12. O-O-O c4 13. Ne2 a5 14. Ng3 Rg8 15.
Nf5 Qc7 16. Nxg7+ Rxg7 17. Qf2 b4 18. d5 a4 19. Kb1 Ba6 20. f4 O-O-O 21. Be2
Kb8 22. Bxh5 Nc5 23. Qf3 a3 24. Bd4 Rgg8 25. bxa3 b3 26. axb3 cxb3 27. cxb3 Ka8
28. Bxc5 Qxc5 29. Kb2 Rb8 30. Rc1 Qd4+ 31. Qc3 Qxe4 32. Qc6+ Ka7 33. Rhe1 Qd4+
34. Qc3 Qxf4 35. Rxe7+ Rb7 36. Rxb7+ Bxb7 37. Qa5+ Kb8 38. Qc7+ Ka8 39. Bxf7
Rxg5 40. a4 Qxh2+ 41. Ka3 Rg2 42. Be6 Ra2+ 43. Kb4 Qd2+ 44. Qc3 Qf2 45. Kb5 Rb2
46. Qa5+ Kb8 47. Qc7+ Ka8 48. b4 Qe2+ 49. Qc4 Qf2 50. Rf1 Qe3 51. Rf7 Rf2 52.
Rxb7 Kxb7 53. Qc8+ Ka7 54. Qc7+ Ka8 55. Ka6 1-0

[Event "1. liga - V 17/18, Hostalkova-Grygov"]
[Site ""]
[Date "2017.10.22"]
[Round "1.8"]
[White "Soban, Jaroslav"]
[Black "Malcanek, Jan"]
[Result "0-1"]
[WhiteElo "2100"]
[BlackElo "2107"]
[PlyCount "0"]
[EventDate "2017.10.22"]

1. c4 Nf6 2. Nc3 c5 3. g3 d5 4. cxd5 Nxd5 5. Bg2 Nc7 6. Nf3 Nc6 7. d3 e5 8. O-O
Be7 9. Be3 Be6 10. Rc1 Rc8 11. Nd2 Qd7 12. Qa4 Nd5 13. Nxd5 Bxd5 14. Bxd5 Qxd5
15. Qg4 O-O 16. Bh6 g6 17. Bxf8 Rxf8 18. Qc4 Qd7 19. Nf3 Kg7 20. e3 f5 21. Qc3
Qd5 22. Nd2 Rd8 23. Qc4 Qxd3 24. Qxd3 Rxd3 25. Nb3 b6 26. Rfd1 Nb4 27. Rxd3
Nxd3 28. Rd1 c4 29. Nc1 e4 30. Nxd3 exd3 31. Kf1 Bf6 32. b3 b5 33. f3 Bb2 34.
Ke1 c3 35. Rxd3 c2 0-1

[Event "1. liga - V 17/18, CT-Gordic"]
[Site ""]
[Date "2017.10.22"]
[Round "1.1"]
[White "Langner, Ladislav"]
[Black "Zwardon, Vojtech"]
[Result "0-1"]
[WhiteElo "2399"]
[BlackElo "2405"]
[PlyCount "0"]
[EventDate "2017.10.22"]

1. e4 c5 2. c3 Nf6 3. e5 Nd5 4. d4 cxd4 5. Nf3 Nc6 6. Bc4 Nb6 7. Bb3 d5 8. exd6
Qxd6 9. O-O Be6 10. Bxe6 Qxe6 11. Nxd4 Nxd4 12. Qxd4 Rd8 13. Qh4 Qe2 14. Bd2 f6
15. Re1 Rxd2 16. Nxd2 Qxd2 17. Qh5+ g6 18. Qf3 Kf7 19. Qxb7 Qd7 20. Qxd7 Nxd7
21. Rad1 Nb6 22. a4 Nxa4 23. Rd7 Nxb2 24. Rxa7 Nd3 25. Re3 Ne5 26. f4 Nc4 27.
Rd3 Bh6 28. Rc7 Nd6 29. g3 Nf5 30. c4 Rb8 31. c5 Rb2 32. Ra7 Rc2 33. g4 Nh4 34.
Re3 Bf8 35. Rc7 Rg2+ 36. Kf1 Rxg4 37. Re4 Nf3 38. Ke2 Ng5 39. Ra4 Ne6 40. Rc8
Bh6 41. Rh8 Nxc5 42. Rc4 Ne6 43. Rxh7+ Bg7 44. Kf3 Rxf4+ 0-1

[Event "1. liga - V 17/18, CT-Gordic"]
[Site ""]
[Date "2017.10.22"]
[Round "1.2"]
[White "Holtman, Teodor"]
[Black "Mrazek, Lumir"]
[Result "1/2-1/2"]
[WhiteElo "2248"]
[BlackElo "2278"]
[PlyCount "0"]
[EventDate "2017.10.22"]

1. e4 c5 2. Nf3 Nc6 3. Nc3 Nd4 4. Nxd4 cxd4 5. Ne2 e5 6. c3 dxc3 7. bxc3 d5 8.
Ng3 Nf6 9. Bb5+ Bd7 10. Qe2 Bxb5 11. Qxb5+ Qd7 12. Qe2 O-O-O 13. O-O dxe4 14.
Qc4+ Kb8 15. Re1 Qd3 16. Qa4 Rc8 17. Re3 Qd5 18. Nxe4 Rc4 19. Nxf6 gxf6 20.
Qe8+ Rc8 21. Qa4 Bc5 22. Qe4 Qe6 23. d4 exd4 24. cxd4 Qxe4 25. Rxe4 Bb6 26.
Bf4+ Ka8 27. d5 Rc2 28. Bg3 Rd2 29. d6 Bc5 30. Rae1 a5 31. R4e2 Rd4 32. Re7
Bxd6 33. Bxd6 Rxd6 34. h4 Rd2 35. Rb1 Rb8 36. Rxf7 Rxa2 37. h5 a4 38. Rxf6 Ka7
39. Rfb6 Rc2 40. R6b4 b5 41. Rxb5 Rc1+ 42. Rxc1 Rxb5 43. g4 Kb6 44. Kg2 a3 45.
f4 a2 46. Ra1 Rb2+ 47. Kg3 Kc6 48. g5 Kd5 49. h6 Ke4 50. g6 hxg6 51. h7 Rb8 52.
Kg4 Rh8 53. Rxa2 Rxh7 54. Re2+ Kd5 55. Re5+ Kd6 56. Kg5 Rh5+ 57. Kf6 Rh4 58.
Re4 Kd5 59. Rb4 Rg4 60. Ra4 Rg3 61. Ra5+ 1/2-1/2

[Event "1. liga - V 17/18, CT-Gordic"]
[Site ""]
[Date "2017.10.22"]
[Round "1.3"]
[White "Wiewiora, Eneasz"]
[Black "Karasek, Lukas"]
[Result "1-0"]
[WhiteElo "2311"]
[BlackElo "2304"]
[PlyCount "0"]
[EventDate "2017.10.22"]

1. d4 Nf6 2. c4 e6 3. Nf3 d5 4. g3 Be7 5. Bg2 O-O 6. O-O dxc4 7. Qc2 a6 8. Qxc4
b5 9. Qc2 Bb7 10. Bd2 Be4 11. Qc1 Nbd7 12. Ba5 Rc8 13. Nbd2 Ba8 14. b4 Bd6 15.
Nb3 Qe7 16. Nc5 Bxc5 17. bxc5 Bc6 18. Qa3 Rfe8 19. Bd2 Ra8 20. Qa5 Qd8 21. Rfd1
Qc8 22. Bf4 Ra7 23. Rac1 Qb7 24. Ne1 Bxg2 25. Nxg2 Qc6 26. Ne1 Nd5 27. Nd3 f5
28. f3 h6 29. Re1 Qa8 30. c6 N7b6 31. Ne5 Qd8 32. Bd2 Qd6 33. Kh1 Raa8 34. e4
fxe4 35. fxe4 Nf6 36. Bc3 Nc4 37. Nxc4 bxc4 38. Qa4 Ng4 39. Qxc4 Rf8 40. Bb4
1-0